[Event "Hong Kong-ch prel"]
[Site "Hong Kong"]
[Date "2019.02.11"]
[Round "5"]
[White "Tamang, Dal Bahadr Negandra"]
[Black "Pu, Henry"]
[Result "0-1"]
[WhiteElo "1698"]
[BlackElo "1789"]
[PlyCount "108"]
[EventDate "2019.01.07"]
[EventType "swiss"]
[EventRounds "9"]
[EventCountry "HKG"]
[SourceTitle "EXT 2020"]
[Source "ChessBase"]
[SourceDate "2019.10.17"]
[SourceVersion "1"]
[SourceVersionDate "2019.10.17"]
[SourceQuality "1"]

1. d4 d5 2. c4 e6 3. Nc3 Nf6 4. Nf3 Be7 5. Bf4 0-0 6. e3 b6 7. Be2 Bb7 8. h3 c5 9. dxc5 bxc5 10. 0-0 Nbd7 11. Rc1 Rc8 12. Qb3 Qb6 13. Qc2 Ne4 14. Nxe4 dxe4 15. Nd2 f5 16. b3 Rfd8 17. Nb1 Bf6 18. Rfd1 Ne5 19. Nc3 a6 20. Kh1 Qc6 21. Bxe5 Bxe5 22. f4 exf3 23. Bxf3 Qc7 24. Bxb7 Qxb7 25. Ne2 Qc7 26. Rxd8+ Rxd8 27. Rd1 Rd6 28. Rd3 Qd8 29. Nc1 Qg5 30. Qf2 Kf7 31. Rxd6 Bxd6 32. Nd3 Qf6 33. Qb2 Qxb2 34. Nxb2 Kf6 35. Kg1 Ke5 36. Kf2 Ke4 37. Ke2 g5 38. Nd1 h5 39. Nf2+ Ke5 40. Nd3+ Kf6 41. a3 a5 42. Kf3 g4+ 43. hxg4 fxg4+ 44. Ke2 Kf5 45. Nf2 h4 46. Kd3 h3 47. Nxh3 gxh3 48. gxh3 Be7 49. h4 Bxh4 50. b4 cxb4 51. axb4 axb4 52. c5 Be7 53. c6 Bd6 54. Kc4 Ke4 0-1

[Event "Hong Kong-ch prel"]
[Site "Hong Kong"]
[Date "2019.01.28"]
[Round "4"]
[White "Lam, Emmett Michael"]
[Black "Tamang, Dal Bahadr Negandra"]
[Result "0-1"]
[WhiteElo "1403"]
[BlackElo "1698"]
[PlyCount "68"]
[EventDate "2019.01.07"]
[EventType "swiss"]
[EventRounds "9"]
[EventCountry "HKG"]
[SourceTitle "EXT 2020"]
[Source "ChessBase"]
[SourceDate "2019.10.17"]
[SourceVersion "1"]
[SourceVersionDate "2019.10.17"]
[SourceQuality "1"]

1. e4 c5 2. c3 e5 3. Nf3 d6 4. Bc4 Qc7 5. Ng5 Nh6 6. Qb3 Nc6 7. 0-0 a6 8. Bd5 Na5 9. Qd1 Be7 10. d3 Qd8 11. Qh5 0-0 12. h3 Nc6 13. Nxh7 Kxh7 14. Bxh6 g6 15. Bxf8+ gxh5 16. Bxe7 Qxe7 17. Nd2 Qf6 18. Nc4 Qg6 19. Kh2 Bd7 20. Rae1 Rg8 21. Rg1 Bc8 22. Re3 h4 23. Rf3 Nd8 24. Nb6 Be6 25. a3 Kh8 26. b3 Rg7 27. Kh1 Qg5 28. Bxe6 Nxe6 29. Rf5 Qg6 30. Nd5 Nf4 31. Nxf4 exf4 32. Rxf4 Qg5 33. g3 hxg3 34. fxg3 Qe5 0-1

[Event "Hong Kong op"]
[Site "Hong Kong"]
[Date "2018.10.29"]
[Round "7"]
[White "Chong, Chor Yuen"]
[Black "Tamang, Dal Bahadr Negandra"]
[Result "0-1"]
[WhiteElo "1927"]
[BlackElo "1683"]
[PlyCount "120"]
[EventDate "2018.09.03"]
[EventType "swiss"]
[EventRounds "7"]
[EventCountry "HKG"]
[SourceTitle "CBM 187 Extra"]
[Source "ChessBase"]
[SourceDate "2018.11.04"]
[SourceVersion "1"]
[SourceVersionDate "2018.11.04"]
[SourceQuality "1"]

1. c4 d6 2. Nc3 e5 3. g3 f5 4. Bg2 Nf6 5. d3 Be7 6. Nf3 0-0 7. 0-0 c6 8. b4 Be6 9. a4 d5 10. Nxe5 Bxb4 11. Qb3 a5 12. Ba3 Qd6 13. cxd5 Qxe5 14. Bxb4 axb4 15. Qxb4 Nxd5 16. Nxd5 Bxd5 17. e4 fxe4 18. dxe4 Bf7 19. Qxb7 Na6 20. Qxc6 Nb4 21. Qc1 Rfc8 22. Qd2 Rab8 23. Rab1 Nc6 24. Rxb8 Rxb8 25. Rc1 Nd4 26. f4 Nb3 27. Qe3 Qd4 28. Qxd4 Nxd4 29. Bf1 Be8 30. a5 Ra8 31. Bc4+ Kf8 32. Rd1 Nc2 33. Bb3 Nb4 34. Ra1 Bc6 35. e5 Bb5 36. Kf2 Nc6 37. Bc2 h6 38. Be4 Ra6 39. Bxc6 Rxc6 40. g4 Ba6 41. Kg3 Rc5 42. Ra3 Kf7 43. h4 Rd5 44. Kf3 g6 45. Ke4 Rb5 46. Ra4 Ke6 47. f5+ gxf5+ 48. gxf5+ Ke7 49. Kf4 Rd5 50. Ke4 Bb7 51. Kf4 Ba6 52. Ke4 Bb7 53. Kf4 Ba6 54. f6+ Ke6 55. Rb4 Rxa5 56. Rb6+ Kf7 57. Rc6 Ra4+ 58. Ke3 Ra3+ 59. Kd2 Kg6 60. Rc7 Rd3+ 0-1

[Event "Hong Kong op"]
[Site "Hong Kong"]
[Date "2018.10.22"]
[Round "6"]
[White "Tamang, Dal Bahadr Negandra"]
[Black "Luk, Luen Wah"]
[Result "1/2-1/2"]
[WhiteElo "1683"]
[BlackElo "1851"]
[PlyCount "51"]
[EventDate "2018.09.03"]
[EventType "swiss"]
[EventRounds "7"]
[EventCountry "HKG"]
[SourceTitle "CBM 187 Extra"]
[Source "ChessBase"]
[SourceDate "2018.11.04"]
[SourceVersion "1"]
[SourceVersionDate "2018.11.04"]
[SourceQuality "1"]

1. e4 c5 2. Nf3 Nc6 3. d4 cxd4 4. Nxd4 Nf6 5. Nc3 d6 6. f3 e5 7. Nb3 Be7 8. Be3 Be6 9. Qd2 d5 10. exd5 Nxd5 11. Nxd5 Qxd5 12. 0-0-0 0-0-0 13. Qxd5 Rxd5 14. Rxd5 Bxd5 15. Nc5 Rd8 16. Bd3 g6 17. Bb5 Nd4 18. Bxd4 exd4 19. Nb3 a6 20. Bd3 Bg5+ 21. Kd1 Bxb3 22. axb3 Re8 23. c3 Bf6 24. Kc2 Kc7 25. Rd1 Bg7 26. Bc4 1/2-1/2

[Event "Hong Kong-ch prel"]
[Site "Hong Kong"]
[Date "2018.03.26"]
[Round "11"]
[White "Lee, Wing Kin"]
[Black "Tamang, Dal Bahadr Negandra"]
[Result "0-1"]
[WhiteElo "1178"]
[BlackElo "1698"]
[PlyCount "82"]
[EventDate "2018.01.08"]
[EventType "swiss"]
[EventRounds "11"]
[EventCountry "HKG"]
[SourceTitle "EXT 2019"]
[Source "ChessBase"]
[SourceDate "2018.10.10"]
[SourceVersion "1"]
[SourceVersionDate "2018.10.10"]
[SourceQuality "1"]

1. Nf3 c5 2. c4 Nc6 3. d4 cxd4 4. Nxd4 g6 5. e3 Bg7 6. a3 a5 7. Nxc6 bxc6 8. Nc3 Ba6 9. Bd2 d6 10. Rb1 Rb8 11. b4 Nh6 12. Qa4 0-0 13. b5 d5 14. bxa6 Bxc3 15. Rd1 Bxd2+ 16. Rxd2 Rb1+ 17. Rd1 Qb6 18. c5 Rxd1+ 19. Qxd1 Qxc5 20. a4 Qb4+ 21. Qd2 Qxa4 22. Qb2 Qb4+ 23. Qxb4 axb4 24. Kd2 Rb8 25. Bd3 c5 26. a7 Ra8 27. Ra1 c4 28. Be2 f5 29. h3 Nf7 30. e4 fxe4 31. f3 exf3 32. Bxf3 e6 33. Ra6 Nd8 34. Rd6 Kf8 35. Rd7 Nc6 36. Rd6 Nd4 37. Rd7 Nb5 38. Bg4 c3+ 39. Kc1 b3 40. Rb7 b2+ 41. Kc2 Na3+ 0-1

[Event "Hong Kong-ch prel"]
[Site "Hong Kong"]
[Date "2018.03.19"]
[Round "10"]
[White "Tamang, Dal Bahadr Negandra"]
[Black "Huang, Yuen Tung"]
[Result "1-0"]
[WhiteElo "1698"]
[BlackElo "1336"]
[PlyCount "77"]
[EventDate "2018.01.08"]
[EventType "swiss"]
[EventRounds "11"]
[EventCountry "HKG"]
[SourceTitle "EXT 2019"]
[Source "ChessBase"]
[SourceDate "2018.10.10"]
[SourceVersion "1"]
[SourceVersionDate "2018.10.10"]
[SourceQuality "1"]

1. e4 e5 2. Nf3 Nc6 3. d4 exd4 4. Nxd4 Nf6 5. Nc3 Bb4 6. Nxc6 bxc6 7. Bd3 d5 8. e5 Ng4 9. 0-0 0-0 10. Bf4 Re8 11. e6 Bxe6 12. h3 Nf6 13. Bg5 h6 14. Bh4 Be7 15. Re1 Qd7 16. Qf3 Rab8 17. b3 d4 18. Bxf6 Bxf6 19. Ne4 Be5 20. Nc5 Qd6 21. Nxe6 Rxe6 22. Kh1 Rf8 23. Re2 Rfe8 24. Rae1 Qd8 25. Bc4 R6e7 26. Qh5 Qd6 27. f4 Bxf4 28. Bxf7+ Kh7 29. Bxe8 Rxe2 30. Rxe2 d3 31. Qf5+ Kh8 32. Bg6 Qd8 33. cxd3 Bg5 34. Re8+ Qxe8 35. Bxe8 Kg8 36. Bg6 Be7 37. Qf7+ Kh8 38. Qe8+ Bf8 39. Qxf8# 1-0

[Event "Hong Kong Jolimark op"]
[Site "Hong Kong"]
[Date "2017.12.26"]
[Round "8"]
[White "Woo, Nicholas Tsz Chuen"]
[Black "Tamang, Dal Bahadr Negandra"]
[Result "0-1"]
[WhiteElo "1553"]
[BlackElo "1712"]
[PlyCount "70"]
[EventDate "2017.12.23"]
[EventType "swiss"]
[EventRounds "9"]
[EventCountry "HKG"]
[SourceTitle "CBM 182 Extra"]
[Source "ChessBase"]
[SourceDate "2018.02.23"]
[SourceVersion "1"]
[SourceVersionDate "2018.02.23"]
[SourceQuality "1"]

1. e4 c5 2. Nf3 g6 3. d4 cxd4 4. Nxd4 Nc6 5. Be3 Nf6 6. Nc3 Bg7 7. Be2 0-0 8. Qd2 d5 9. Nxc6 bxc6 10. exd5 Nxd5 11. Nxd5 cxd5 12. c3 Bb7 13. 0-0 Qc7 14. Bh6 e5 15. Bxg7 Kxg7 16. c4 dxc4 17. Rac1 Rfd8 18. Qe3 Rd4 19. b3 Re4 20. Qd2 Rd8 21. Qc2 c3 22. Bf3 Rb4 23. a3 Rb6 24. Qxc3 Qxc3 25. Rxc3 e4 26. Be2 Rd2 27. Bc4 Rbd6 28. f3 exf3 29. gxf3 Ra2 30. b4 Rb2 31. Bd3 Rd2 32. Bc2 R6d5 33. f4 R5d4 34. h3 Rg2+ 35. Kh1 Rxc2+ 0-1

[Event "Hong Kong Jolimark op"]
[Site "Hong Kong"]
[Date "2017.12.25"]
[Round "6"]
[White "Tamang, Dal Bahadr Negandra"]
[Black "Lim, Kai Jun"]
[Result "1-0"]
[WhiteElo "1712"]
[BlackElo "1289"]
[PlyCount "127"]
[EventDate "2017.12.23"]
[EventType "swiss"]
[EventRounds "9"]
[EventCountry "HKG"]
[SourceTitle "CBM 182 Extra"]
[Source "ChessBase"]
[SourceDate "2018.02.23"]
[SourceVersion "1"]
[SourceVersionDate "2018.02.23"]
[SourceQuality "1"]

1. e4 e5 2. Nf3 Nc6 3. Nc3 Nf6 4. Bc4 Nxe4 5. Bxf7+ Kxf7 6. Nxe4 d5 7. Neg5+ Kg8 8. d4 h6 9. Nh3 e4 10. Ne5 Nxe5 11. dxe5 Kh7 12. Nf4 c6 13. Qh5 Qg5 14. Qxg5 hxg5 15. Ne2 Be7 16. Be3 Be6 17. Nd4 Bf7 18. Nf5 Bb4+ 19. c3 Ba5 20. Nd6 Be6 21. Nxb7 Bc7 22. Nc5 Rae8 23. Nxe6 Rxe6 24. Bxa7 Bxe5 25. Bd4 Rb8 26. b3 Bxd4 27. cxd4 Rb4 28. Rd1 Re8 29. Ke2 Ra8 30. Rd2 Kg6 31. Rc1 Rc8 32. Ke3 Kf5 33. h3 g4 34. hxg4+ Kxg4 35. Rc5 Rb7 36. Rdc2 Rbc7 37. b4 Kf5 38. b5 Ke6 39. b6 Rb7 40. Rxc6+ Rxc6 41. Rxc6+ Kd7 42. Rg6 Ke8 43. a4 Kd8 44. a5 Kc8 45. Rd6 g5 46. Rxd5 g4 47. Kxe4 g3 48. fxg3 Rb8 49. Rc5+ Kb7 50. Rc7+ Ka6 51. Ra7+ Kb5 52. b7 Kc6 53. a6 Kc7 54. Ra8 Rxb7 55. axb7 Kxb7 56. Ra5 Kb6 57. Rc5 Kb7 58. d5 Kb6 59. Kd4 Kb7 60. Rc6 Kb8 61. Kc5 Kb7 62. d6 Kb8 63. Kb6 Ka8 64. Rc8# 1-0

[Event "Hong Kong Jolimark op"]
[Site "Hong Kong"]
[Date "2017.12.23"]
[Round "1"]
[White "Limbu, Purna Ram Senehang"]
[Black "Tamang, Dal Bahadr Negandra"]
[Result "1/2-1/2"]
[WhiteElo "1781"]
[BlackElo "1712"]
[PlyCount "74"]
[EventDate "2017.12.23"]
[EventType "swiss"]
[EventRounds "9"]
[EventCountry "HKG"]
[SourceTitle "CBM 182 Extra"]
[Source "ChessBase"]
[SourceDate "2018.02.23"]
[SourceVersion "1"]
[SourceVersionDate "2018.02.23"]
[SourceQuality "1"]

1. d4 f5 2. Nf3 e6 3. e3 d5 4. c4 c6 5. Nc3 Bd6 6. c5 Bc7 7. b4 b5 8. a4 Bd7 9. a5 a6 10. Bd3 Nf6 11. 0-0 0-0 12. Ne5 Qe7 13. f4 Be8 14. Ra2 Ne4 15. Bxe4 dxe4 16. Rd2 Qd8 17. Bb2 Qc8 18. Qb3 Bd8 19. g3 Bf7 20. Rfd1 Nd7 21. h3 Nf6 22. Kh2 Nd5 23. Re1 Bf6 24. Nd1 Bxe5 25. dxe5 Qe8 26. Bd4 Qe7 27. Nc3 Rad8 28. Ne2 Rd7 29. Ng1 Rfd8 30. Red1 Bh5 31. Re1 h6 32. Rg2 Bf7 33. Ne2 Kh7 34. Nc3 Nc7 35. Ne2 Nd5 36. Nc3 Nc7 37. Ne2 Nd5 1/2-1/2

[Event "Hong Kong-ch op"]
[Site "Hong Kong"]
[Date "2017.10.16"]
[Round "2"]
[White "Lopez de Anda, Edgar"]
[Black "Tamang, Dal Bahadr Negandra"]
[Result "0-1"]
[WhiteElo "1803"]
[BlackElo "1701"]
[PlyCount "144"]
[EventDate "2017.10.09"]
[EventType "swiss"]
[EventRounds "7"]
[EventCountry "HKG"]
[SourceTitle "EXT 2019"]
[Source "ChessBase"]
[SourceDate "2018.10.10"]
[SourceVersion "1"]
[SourceVersionDate "2018.10.10"]
[SourceQuality "1"]

1. d4 d5 2. Nf3 Nc6 3. Bg5 Nf6 4. Nbd2 Bf5 5. c3 Qd6 6. e3 e5 7. dxe5 Nxe5 8. Nxe5 Qxe5 9. Bf4 Qe7 10. Bb5+ c6 11. Be2 Qd7 12. 0-0 Be7 13. c4 d4 14. exd4 Qxd4 15. Be3 Qxb2 16. Nf3 0-0 17. Nd4 Rad8 18. Qb3 Qxb3 19. axb3 Bg6 20. Rxa7 Bc5 21. Nxc6 Bxa7 22. Ne7+ Kh8 23. Nxg6+ hxg6 24. Bxa7 Rd2 25. Bf3 Re8 26. b4 Ne4 27. Rc1 Nc3 28. Kf1 Na2 29. Rb1 Rc2 30. b5 Rxc4 31. Bd5 Rc1+ 32. Rxc1 Nxc1 33. Be3 Rd8 34. Bf3 Na2 35. g3 Rd7 36. b6 Nb4 37. Bc5 Nd3 38. Be3 Ne5 39. Be2 Rd6 40. f4 Nd7 41. Bf3 Nxb6 42. Bxb7 f5 43. Bxb6 Rxb6 44. Bf3 Rb2 45. Be2 Kg8 46. Kf2 Kf7 47. h3 Kf6 48. h4 Ke6 49. Ke3 Rb3+ 50. Kf2 Kd5 51. h5 gxh5 52. Bxh5 Kd4 53. Kg2 Rb6 54. Bf3 Ke3 55. Bd5 Rd6 56. Bb7 Rd2+ 57. Kh3 Rb2 58. Bc8 g6 59. Bd7 Rb6 60. Kg2 Rb2+ 61. Kh3 Kf3 62. Bc6+ Kf2 63. g4 Rb6 64. Be8 Kf3 65. gxf5 gxf5 66. Bh5+ Kxf4 67. Kg2 Rb2+ 68. Kh3 Ke3 69. Bf7 f4 70. Bc4 Rc2 71. Ba6 Rc6 72. Bb5 Rg6 0-1

[Event "Hong Kong-chT"]
[Site "Hong Kong"]
[Date "2017.05.29"]
[Round "7.2"]
[White "Lam, Theodore Lukas"]
[Black "Tamang, Dal Bahadr Negandra"]
[Result "0-1"]
[WhiteElo "1254"]
[BlackElo "1613"]
[PlyCount "82"]
[EventDate "2017.04.03"]
[EventType "team-swiss"]
[EventRounds "7"]
[EventCountry "HKG"]
[SourceTitle "CBM 178 Extra"]
[Source "ChessBase"]
[SourceDate "2017.06.22"]
[SourceVersion "1"]
[SourceVersionDate "2017.06.22"]
[SourceQuality "1"]
[WhiteTeam "Diophantine Equations"]
[BlackTeam "Fire On The Board"]
[WhiteTeamCountry "HKG"]
[BlackTeamCountry "HKG"]

1. d4 Nf6 2. c4 e6 3. Nc3 d5 4. cxd5 exd5 5. Nf3 Be7 6. Bf4 a6 7. e3 0-0 8. a4 Bd6 9. Bxd6 Qxd6 10. Bd3 Bg4 11. Be2 Nc6 12. Nd2 Bxe2 13. Qxe2 Rfe8 14. Nf3 Rad8 15. 0-0 Ng4 16. Rad1 f5 17. h3 Nf6 18. Qc2 f4 19. exf4 Qxf4 20. Qd2 Qf5 21. Qg5 Qxg5 22. Nxg5 h6 23. Nf3 Re6 24. Rfe1 Rde8 25. Rxe6 Rxe6 26. g4 Nb4 27. Ne5 c5 28. Nd3 Nxd3 29. Rxd3 Re1+ 30. Kg2 c4 31. Re3 Rxe3 32. fxe3 Kf7 33. Kf3 Ke6 34. e4 dxe4+ 35. Nxe4 Kd5 36. Nc5 Kxd4 37. Nxb7 Nd5 38. h4 Nb6 39. a5 Na4 40. Nd6 Nxb2 41. Nxc4 Nxc4 0-1

[Event "Hong Kong-chT"]
[Site "Hong Kong"]
[Date "2017.04.03"]
[Round "1.1"]
[White "Tamang, Dal Bahadr Negandra"]
[Black "Iyer, Neal"]
[Result "1-0"]
[WhiteElo "1613"]
[BlackElo "1752"]
[PlyCount "27"]
[EventDate "2017.04.03"]
[EventType "team-swiss"]
[EventRounds "7"]
[EventCountry "HKG"]
[SourceTitle "CBM 178 Extra"]
[Source "ChessBase"]
[SourceDate "2017.06.22"]
[SourceVersion "1"]
[SourceVersionDate "2017.06.22"]
[SourceQuality "1"]
[WhiteTeam "Fire On The Board"]
[BlackTeam "Two Musketeers"]
[WhiteTeamCountry "HKG"]
[BlackTeamCountry "HKG"]

1. e4 c6 2. d4 d5 3. Nc3 dxe4 4. Nxe4 Bf5 5. Ng3 Bg6 6. Nf3 Nf6 7. h4 h6 8. Ne5 Bh5 9. Nxh5 Nxh5 10. Qxh5 g6 11. Bc4 e6 12. Nxg6 fxg6 13. Qxg6+ Ke7 14. Qxe6# 1-0

[Event "Hong Kong-ch prel"]
[Site "Hong Kong"]
[Date "2017.02.27"]
[Round "7"]
[White "Garceran Nieuwenburg, David"]
[Black "Tamang, Dal Bahadr Negandra"]
[Result "1-0"]
[WhiteElo "1783"]
[BlackElo "1605"]
[PlyCount "75"]
[EventDate "2017.01.09"]
[EventType "swiss"]
[EventRounds "11"]
[EventCountry "HKG"]
[SourceTitle "EXT 2018"]
[Source "ChessBase"]
[SourceDate "2017.10.13"]
[SourceVersion "1"]
[SourceVersionDate "2017.10.13"]
[SourceQuality "1"]

1. d4 Nf6 2. c4 d5 3. cxd5 Qxd5 4. Nc3 Qh5 5. Bf4 Nd5 6. Nxd5 Qxd5 7. Nf3 Na6 8. e3 e5 9. Bxe5 Bb4+ 10. Nd2 f6 11. Bg3 Qa5 12. a3 Bxd2+ 13. Qxd2 Qxd2+ 14. Kxd2 Bf5 15. Bxa6 bxa6 16. Bxc7 Rc8 17. Rhc1 Kd7 18. Ba5 g5 19. Rxc8 Rxc8 20. Rc1 Rc6 21. Rxc6 Kxc6 22. Bd8 g4 23. f3 gxf3 24. gxf3 Bh3 25. Bxf6 Bg2 26. Ke2 a5 27. e4 a4 28. Ke3 Kb5 29. f4 Bh3 30. f5 Bg4 31. Kf4 Bh5 32. h4 Kc4 33. d5 Bf7 34. d6 Be8 35. Ke5 Bd7 36. Bg7 Kb3 37. Kf6 Bc6 38. Ke7 1-0

[Event "Hong Kong-ch prel"]
[Site "Hong Kong"]
[Date "2017.01.16"]
[Round "2"]
[White "Lai, Sai Wing"]
[Black "Tamang, Dal Bahadr Negandra"]
[Result "1-0"]
[WhiteElo "1855"]
[BlackElo "1605"]
[PlyCount "149"]
[EventDate "2017.01.09"]
[EventType "swiss"]
[EventRounds "11"]
[EventCountry "HKG"]
[SourceTitle "EXT 2018"]
[Source "ChessBase"]
[SourceDate "2017.10.13"]
[SourceVersion "1"]
[SourceVersionDate "2017.10.13"]
[SourceQuality "1"]

1. d4 Nf6 2. Nc3 d5 3. Bf4 Nbd7 4. e3 c6 5. Nf3 e6 6. Bd3 Qa5 7. 0-0 Nh5 8. Ne5 Nxf4 9. exf4 g6 10. a3 Qb6 11. Nxd7 Bxd7 12. Ne2 Bg7 13. c3 c5 14. dxc5 Qxc5 15. Rc1 0-0 16. h4 h5 17. Qb3 Qe7 18. Bb5 Bxb5 19. Qxb5 Qxh4 20. Qxb7 Rfb8 21. Qc6 Rc8 22. Qa6 Qe7 23. Rcd1 Rab8 24. Rd2 Rc7 25. Nd4 Rb6 26. Qe2 Qd6 27. f5 Bxd4 28. Rxd4 exf5 29. Rfd1 Qe6 30. Qd2 Kg7 31. Rxd5 Rc4 32. Rd4 a5 33. Rd6 Rxd6 34. Qxd6 Qe2 35. Qd3 Re4 36. Qxe2 Rxe2 37. b4 axb4 38. cxb4 Ra2 39. Rd3 Rb2 40. Rd6 Kf8 41. Rb6 Ra2 42. Ra6 Rb2 43. Ra5 f4 44. f3 Kg7 45. b5 Kh6 46. a4 Kg5 47. b6+ Kh4 48. Rb5 Ra2 49. Kh2 g5 50. b7 g4 51. Rxh5+ Kxh5 52. fxg4+ Kxg4 53. b8Q Rxa4 54. Qg8+ Kh4 55. Qxf7 Kg5 56. Qe7+ Kh6 57. Qf6+ Kh5 58. Qc6 Ra5 59. Qe8+ Kg4 60. Qe2+ Kg5 61. Qd2 Rf5 62. Kh3 Kh5 63. Qf2 Kg5 64. Qh4+ Kg6 65. Kg4 Rf7 66. Qg5+ Kh7 67. Qh5+ Kg7 68. Qxf7+ Kxf7 69. Kxf4 Kf6 70. Kg4 Kg6 71. g3 Kf6 72. Kh5 Kf5 73. g4+ Kf6 74. Kh6 Kf7 75. g5 1-0

[Event "Hong Kong Jolimark op"]
[Site "Hong Kong"]
[Date "2016.12.29"]
[Round "8"]
[White "Tamang, Dal Bahadr Negandra"]
[Black "Cheah, Kah Hoe"]
[Result "1/2-1/2"]
[WhiteElo "1529"]
[BlackElo "1665"]
[PlyCount "101"]
[EventDate "2016.12.26"]
[EventType "swiss"]
[EventRounds "9"]
[EventCountry "HKG"]
[SourceTitle "CBM 176 Extra"]
[Source "ChessBase"]
[SourceDate "2017.03.02"]
[SourceVersion "1"]
[SourceVersionDate "2017.03.02"]
[SourceQuality "1"]

1. e4 c5 2. Nf3 g6 3. d4 cxd4 4. Nxd4 Bg7 5. Be3 Nc6 6. Bc4 Nf6 7. f3 0-0 8. Bb3 d5 9. Nc3 dxe4 10. Qd2 exf3 11. gxf3 Nxd4 12. Qxd4 Qxd4 13. Bxd4 Bd7 14. 0-0-0 Bc6 15. Rhf1 Rfd8 16. a4 Bh6+ 17. Kb1 Nd5 18. Nxd5 Bxd5 19. Bxa7 Bxb3 20. Rxd8+ Rxd8 21. cxb3 Rd2 22. Rf2 Rxf2 23. Bxf2 Kf8 24. Kc2 Ke8 25. Kd3 Kd7 26. b4 Bf4 27. h3 f5 28. b5 Bc7 29. b4 b6 30. Kc4 Kd6 31. Bg3+ e5 32. Be1 g5 33. a5 h5 34. Bf2 bxa5 35. b6 Bxb6 36. Bxb6 axb4 37. Bc5+ Ke6 38. Bxb4 g4 39. fxg4 hxg4 40. h4 f4 41. Kd3 Kf5 42. Ke2 g3 43. h5 e4 44. Bd6 f3+ 45. Ke3 f2 46. Ke2 Kg4 47. Bc5 Kxh5 48. Kf1 Kg4 49. Kg2 Kf4 50. Bd6+ Ke3 51. Bxg3 1/2-1/2

[Event "Hong Kong Jolimark op"]
[Site "Hong Kong"]
[Date "2016.12.27"]
[Round "4"]
[White "Oh, Benjamin Yao Teng"]
[Black "Tamang, Dal Bahadr Negandra"]
[Result "1-0"]
[WhiteElo "1838"]
[BlackElo "1529"]
[PlyCount "149"]
[EventDate "2016.12.26"]
[EventType "swiss"]
[EventRounds "9"]
[EventCountry "HKG"]
[SourceTitle "CBM 176 Extra"]
[Source "ChessBase"]
[SourceDate "2017.03.02"]
[SourceVersion "1"]
[SourceVersionDate "2017.03.02"]
[SourceQuality "1"]

1. e4 c5 2. Nc3 Nc6 3. g3 Nf6 4. Bg2 g6 5. d3 Bg7 6. Be3 d6 7. h3 a6 8. Qd2 Bd7 9. Nge2 Qc7 10. 0-0 0-0 11. g4 e6 12. f4 Rfe8 13. g5 Nh5 14. Bf3 Nd4 15. Bxh5 gxh5 16. Ng3 f5 17. Nxh5 Rf8 18. Nxg7 Kxg7 19. Qf2 Qb6 20. Kh2 Rf7 21. Bxd4+ cxd4 22. exf5 Rxf5 23. Ne4 Be8 24. Qh4 Bg6 25. Rae1 Qc7 26. Ng3 Rc5 27. f5 Rxc2+ 28. Kg1 Qc6 29. Qxd4+ Kg8 30. Ne4 exf5 31. Nf6+ Kf7 32. Ne4 Kg8 33. Nf6+ Kf7 34. Nd5 Qc5 35. Qxc5 Rxc5 36. Nf4 Re8 37. Rxe8 Kxe8 38. Re1+ Kd7 39. Re2 Bf7 40. a3 Bb3 41. h4 Rc2 42. Rxc2 Bxc2 43. Kf2 Bb3 44. Ke3 Ke7 45. Kd4 b6 46. Nd5+ Bxd5 47. Kxd5 Kf7 48. h5 Ke7 49. Kd4 Ke6 50. Ke3 Kf7 51. Kf4 Ke6 52. a4 b5 53. axb5 axb5 54. b4 Kd5 55. g6 hxg6 56. h6 Kd4 57. h7 Kxd3 58. h8Q Kc4 59. Ke3 Kxb4 60. Qd4+ Kb3 61. Qxd6 b4 62. Qxg6 Ka2 63. Qxf5 b3 64. Qd5 Ka1 65. Qa8+ Kb1 66. Qh1+ Ka2 67. Kd2 b2 68. Kc3 b1N+ 69. Kc2 Na3+ 70. Kd3 Kb3 71. Qb7+ Ka2 72. Kc3 Nb1+ 73. Kc2 Na3+ 74. Kc1 Nc4 75. Qb4 1-0